000 00683nam a2200265Ia 4500
003 OSt
005 20221006142501.0
006 a|||||r|||| 00| 0
007 ta
008 221006b |||||||| |||| 00| 0 eng d
020 _c1.00
024 _a6,453
037 _cTextual
040 _aEASL
_cEASL
_beng
041 _2eng
_aeng
082 _aY.41.N6, K3
100 _aSRINIVASAN Nadadur
_9647816
245 0 _aInside present day China
260 _aBOmbay
_bPopular Prakashan
_c1963
300 _a80p.
_ccm.
490 _v CEL
650 _aCHINESE- CULTURE
_9647817
942 _hY.41.N6, K3
_cTEXL
_2CC
999 _c1074539
_d1074539